Las balsas de cueros de lobos de la costa de Chile.
Saved in:
| Hovedforfatter: | |
|---|---|
| Format: | Bog |
| Sprog: | spansk tysk engelsk fransk |
| Udgivet: |
Santiago, Chile
Prensas de la Universidad de Chile
1938
|
| Fag: | |
| Tags: |
Tilføj Tag
Ingen Tags, Vær først til at tagge denne postø!
|
MARC
| LEADER | 00000nam a2200000 a 4500 | ||
|---|---|---|---|
| 001 | UCJ4881 | ||
| 003 | CL-VaPUC | ||
| 005 | 20231102151814.0 | ||
| 008 | 070124e19380000CL |||||||||||||||||spa|d | ||
| 999 | |c 320996 |d 320994 | ||
| 040 | |c Pontificia Universidad Católica de Valparaíso | ||
| 041 | 0 | 7 | |a spa |2 CL-VaPUC |
| 041 | 0 | 7 | |a ger |2 CL-VaPUC |
| 041 | 0 | 7 | |a eng |2 CL-VaPUC |
| 041 | 0 | 7 | |a fre |2 CL-VaPUC |
| 082 | 0 | 4 | |a 983 LOO 1938 |2 21 |
| 100 | |a Looser, Gualterio |e autor |9 509356 | ||
| 245 | 1 | 4 | |a Las balsas de cueros de lobos de la costa de Chile. |
| 260 | 0 | 3 | |a Santiago, Chile |b Prensas de la Universidad de Chile |c 1938 |
| 300 | |a 34 páginas. | ||
| 500 | |a Ilustraciones. Empastado junto a otras monografías en un volumen rotulado Folletos Varios 10; ubicación 983 CAV | ||
| 583 | |a last modification |c 20070124 00:00:00 |k Rodrigo Vera | ||
| 650 | 0 | |a Aborígenes |9 329972 | |
| 650 | 0 | |a Prehistoria |9 316557 | |
| 650 | 0 | |a Navegación |9 255384 | |
| 650 | 0 | |a Ilustraciones |9 369481 | |
| 650 | 7 | |a BALSAS |2 CL-VaPUC |9 509357 | |
| 651 | 7 | |a ANTOFAGASTA |2 CL-VaPUC |9 319270 |z CHILE | |
| 651 | 7 | |a CALETA EL COBRE |2 CL-VaPUC |9 509359 |z CHILE | |
| 942 | |c BK |2 ddc | ||
| 945 | |d 20070124 00:00:00 |a rinostro | ||
| 952 | |0 0 |1 0 |2 ddc |4 0 |6 983_000000000000000_LOO_1938 |7 0 |8 X |9 399647 |a FDOBUD |b FDOBUD |d 2019-11-22 |i 1027352 |o 983 LOO 1938 |p 1027352 |r 2019-11-22 |t 1 |w 2019-11-22 |y BK_X |k BUD | ||